000 00269nam a2200109Ia 4500
008 200302s9999 xx 000 0 und d
100 _aJules J. A Janssen
245 _aBuilding with Bamboo A Handbook 2nd ed.
260 _bITDG Publishing
260 _c2005
300 _a65
999 _c6808
_d6808